000 00565nam a2200205Ia 4500
005 20250923144257.0
008 008 250917s9999 xx 000 0 eng d
037 _aTextual
040 _aDSWL
_beng
_cDSWL
041 _aeng
_2eng
084 _aY:4:6:2:N3, H6
_qDSWL
100 _aBlunt, Edward
_9823146
245 0 _aSocial service in India
_cby Edward Blunt
260 _aLondon
_bHMSO
_c1946
300 _a446 p.
365 _aINR
_b10. 6.
925 _g10. 6.
942 _cTEXL
_hY:4:6:2:N3, H6
999 _c1436922
_d1436922